00586 a2200181 4500003000400000005001700004008004100021020001500062040000900077082001800086100002600104245003900130260003900169300000900208942004200217952012800259999001700387OSt20231215155425.0231215b |||||||| |||| 00| 0 eng d a8170559022 coclc a891.43bPRA/K aPrasad, Gobind910138 aKAVITA KE SAMMUKH /cGobind Prasad aNew Delhi:bVani Prakashan,c2002. a150p 2ddccBKh891.43iPRA/Kk891.43mPRA/K 00102ddc40708LITaMESbMEScHINd2023-12-15l0o891.43 PRA/Kp43067r2023-12-15 15:55:11v150.00w2023-12-15yBKzGR6R4 c43433d43433